Представление документа в формате MARC21

ПолеНазваниеЗначение
  Тип записи a
  Библиографический уровень m
001 Контрольный номер RU\infra-m\znanium\bibl\2207150
005 Дата корректировки 20260429142406.7
008 Кодируемые данные 250611s2025 RU g rus u
020 Индекс ISBN __
a ISBN 978-5-16-021063-6
020 Индекс ISBN __
a ISBN 978-5-16-100018-2 (электр. издание)
040 Источник каталогиз. __
a Служба первич. каталог. Общество с ограниченной ответственностью «ЗНАНИУМ»
041 Код языка издания __
a Код языка текста rus
044 Код страны публикации __
a Код страны публикации RU
080 Индекс УДК __
a Индекс УДК 338.45(075.8)
084 Индекс другой классификации/Индекс ББК __
2 Источник индекса rubbk
a Индекс другой классификации/Индекс ББК 65.9(2Рос...)я73
084 Индекс другой классификации/Индекс ББК __
2 Источник индекса okso
a Индекс другой классификации/Индекс ББК 17.03.01
084 Индекс другой классификации/Индекс ББК __
2 Источник индекса okso
a Индекс другой классификации/Индекс ББК 20.03.02
084 Индекс другой классификации/Индекс ББК __
2 Источник индекса okso
a Индекс другой классификации/Индекс ББК 21.05.04
084 Индекс другой классификации/Индекс ББК __
2 Источник индекса okso
a Индекс другой классификации/Индекс ББК 23.03.03
084 Индекс другой классификации/Индекс ББК __
2 Источник индекса okso
a Индекс другой классификации/Индекс ББК 26.03.02
084 Индекс другой классификации/Индекс ББК __
2 Источник индекса okso
a Индекс другой классификации/Индекс ББК 29.03.03
084 Индекс другой классификации/Индекс ББК __
2 Источник индекса okso
a Индекс другой классификации/Индекс ББК 35.03.02
084 Индекс другой классификации/Индекс ББК __
2 Источник индекса okso
a Индекс другой классификации/Индекс ББК 38.03.01
084 Индекс другой классификации/Индекс ББК __
2 Источник индекса okso
a Индекс другой классификации/Индекс ББК 38.03.02
084 Индекс другой классификации/Индекс ББК __
2 Источник индекса okso
a Индекс другой классификации/Индекс ББК 38.03.03
084 Индекс другой классификации/Индекс ББК __
2 Источник индекса okso
a Индекс другой классификации/Индекс ББК 38.03.04
084 Индекс другой классификации/Индекс ББК __
2 Источник индекса okso
a Индекс другой классификации/Индекс ББК 38.03.05
084 Индекс другой классификации/Индекс ББК __
2 Источник индекса okso
a Индекс другой классификации/Индекс ББК 38.03.06
084 Индекс другой классификации/Индекс ББК __
2 Источник индекса okso
a Индекс другой классификации/Индекс ББК 38.03.07
084 Индекс другой классификации/Индекс ББК __
2 Источник индекса okso
a Индекс другой классификации/Индекс ББК 38.04.01
084 Индекс другой классификации/Индекс ББК __
2 Источник индекса okso
a Индекс другой классификации/Индекс ББК 38.04.02
084 Индекс другой классификации/Индекс ББК __
2 Источник индекса okso
a Индекс другой классификации/Индекс ББК 38.04.03
084 Индекс другой классификации/Индекс ББК __
2 Источник индекса okso
a Индекс другой классификации/Индекс ББК 38.04.04
084 Индекс другой классификации/Индекс ББК __
2 Источник индекса okso
a Индекс другой классификации/Индекс ББК 38.04.05
084 Индекс другой классификации/Индекс ББК __
2 Источник индекса okso
a Индекс другой классификации/Индекс ББК 38.04.06
084 Индекс другой классификации/Индекс ББК __
2 Источник индекса okso
a Индекс другой классификации/Индекс ББК 38.04.07
084 Индекс другой классификации/Индекс ББК __
2 Источник индекса okso
a Индекс другой классификации/Индекс ББК 38.04.08
084 Индекс другой классификации/Индекс ББК __
2 Источник индекса okso
a Индекс другой классификации/Индекс ББК 41.03.06
084 Индекс другой классификации/Индекс ББК __
2 Источник индекса okso
a Индекс другой классификации/Индекс ББК 44.03.01
100 Автор __
a Автор Скляренко В.К.
q Полное имя Скляренко Вячеслав Константинович
245 Заглавие __
a Заглавие Экономика предприятия (в схемах, таблицах, расчетах)
b Продолж. заглавия Учебное пособие
c Ответственность Национальный исследовательский университет "Высшая школа экономики"; НИЦ ИНФРА-М; Российский экономический университет им. Г.В. Плеханова
250 Сведения об издании __
a Основные сведения об издании 1
260 Выходные данные __
a Место издания Москва
b Издательство ООО "Научно-издательский центр ИНФРА-М"
c Дата издания 2025
300 Физическое описание __
a Объем 256 с.
520 Аннотация __
a Аннотация Учебное пособие по структуре совпадает с книгой В.К. Скляренко В.М. Прудникова «Экономика предприятия: Конспект лекций». Однако в отличие от конспекта лекций для лучшего усвоения материала изложение тем представлено в схемах таблицах расчетах. Для студентов вузов изучающих экономические дисциплины. Будет также полезно практическим работникам и специалистам.
521 Примеч. о цел. назн. __
a Примеч. о целев. назн. ВО - Бакалавриат
650 Тематические рубрики __
a Основная рубрика Экономика. Бухгалтерский учет. Финансы
x Основная подрубрика Экономика предприятия (фирмы)
655 Указ. предметных рубрик (устаревшее) __
a Жанр/ форма (устаревшее) Учебное пособие
700 Другие авторы __
a Другие авторы Прудников В.М.
q Полное имя Прудников Владимир Михайлович
u Дополнение Государственный университет управления
700 Другие авторы __
a Другие авторы Акуленко Н.Б.
q Полное имя Акуленко Нина Борисовна
u Дополнение Российский экономический университет им. Г.В. Плеханова
700 Другие авторы __
a Другие авторы Кучеренко А.И.
q Полное имя Кучеренко Анна Ивановна
u Дополнение Российский экономический университет им. Г.В. Плеханова
856 Электронный адрес документа 4_
a Имя сервера/домена znanium.ru
m Помощь ebs_support@infra-m.ru
n Местонахождение сервера НИЦ ИНФРА-М
u URL https://znanium.ru/catalog/document?id=465165
856 Электронный адрес документа 48
a Имя сервера/домена znanium.ru
d Путь /cover/2207
f Электронное имя 2207150.jpg
q Тип электронного формата image/jpeg
u URL https://znanium.ru/cover/2207/2207150.jpg
911 __
u 0030=https://znanium.ru/catalog/document?id=465165
911 __
u 712a=Национальный исследовательский университет "Высшая школа экономики"
911 __
u 712a=НИЦ ИНФРА-М
911 __
u 712a=Российский экономический университет им. Г.В. Плеханова